000 00567nam a2200181 4500
001 109775
003 ES-MaACL
007 t|
008 061121s1982 sp r ||||1| spa d
245 0 0 _aModernidad y ética cristiana /
_cInstituto Superior de Ciencias Morales.
260 _aMadrid :
_bP.S.,
_c1982.
300 _a214 p. ;
_c22 cm.
490 1 _aEstudios de ética teológica
710 2 _aInstituto Superior de Ciencias Morales.
_95240
830 0 _aEstudios de ética teológica
_9185600
852 _aES-MaACL
_jL-3876
_bR.104893
999 _c109775
_d109775